Sanat - " 2080-luvulla" - Sanni - Statistics

Yleistilastot
  • Tätä visaa on pelattu 1 083 kertaa
  • Keskiarvotulos 112 / 161
Vastaustilastot
Sanat % Oikein
kakstuhatta- kaheksankyt-luvulla
96%
Vielä
94%
vielä
94%
87%
87%
mut
86%
Mut
86%
En
85%
en
85%
en,
85%
lauluja,
84%
susta
84%
ne
83%
sulle,
83%
sulle
83%
kirjoitan
82%
on
80%
sua,
80%
purkista.
79%
Syön
79%
haluu
78%
puhua,
78%
ajan
77%
annetaan
77%
ikävä
77%
kulua,
77%
Mulla
77%
Jos
76%
jos
76%
Kahvi
76%
laimeeta,
76%
osaa
76%
aamuna.
75%
ehkä
75%
kenen
75%
kesäiltana,
75%
lainata,
75%
siivota,
75%
takia?
75%
tänäkin
75%
Sun
74%
Netflix-sarjoja.
73%
Mitähän
72%
Voisin
72%
flanellii
71%
haluun
71%
kuulua?
71%
mahtaa
71%
Pikkupäissään
71%
kotiin,
56%
keskenään
55%
sopii,
55%
baarista
54%
pariskunnat
54%
Ensi
53%
laita
52%
viikosta
52%
menee
51%
Taas
51%
viestii,
51%
kovempaa
50%
Musiikkii.
50%
olla,
50%
käännän
47%
yksin
47%
aamulla.
45%
Kun
43%
pakko
42%
Viikonloppuna,
42%
kirjotan
38%
valvoa.
38%
oon
34%
Anna
33%
jälkeen
32%
pilkun
32%
anteeksi
31%
pussailen,
31%
näät
30%
pihalla.
30%
koitan
29%
kummallinen
29%
mun
29%
soitan.
29%
älä
28%
melkein
28%
muuttua,
28%
halveksi
24%
Tai
21%
Ainakun
19%
Ehtoja vastaavia visoja ei löytynyt
Tulosjakauma
Jokaisen tuloksen saaneiden osuus
Persentiili vastausten määrän mukaan
Tuloshistoriasi
Et ole pelannut tätä visaa